1919 1124 1421 1793 1655 1509 1957 1737 1245 1929 1583 1444 1111 1717 1756 1058 1909 1039 1680 1844 1048 1643 1546 1611 1604 1813 1799 1392 1195 1114 1876 1624 1356 1112 1495 1371 1309 1550 1393 1647 1700 1185 1716 1409 1686 1862 1696 1345 1149 1088 1414 1189 1473 1579 1899 1865 1686 1096 1626 1313 1029 1874 1661 1778 1677 1454 1325 1815 1381 1666 1620 1879 1579 1708 1481 1517 1196 1235 1610 1666 1879 1377 1764 1003 1586 1425 1198 1511 1278 1982 1240 1269 1890 1293 1517 1785 1079 1601 1355 BCNSPRNW ULIB Ver.6.0+V

เปลี่ยนเป็นภาษาไทย

Change to English
 แสดงรายละเอียดบรรณานุกรม
  กลับหน้าหลัก

Brief Record : Get Marc (ISO 2709) : E-mail record : QR code < ปิดหน้าต่าง
LEADER : 00000nam 2200000uu 4500
001    13399124868
003     ULIB
008    160421s2556||||th 000 0 tha d
020    ^a9789746728423
060  4 ^aWB115^bบ48ภ ล.2
100    ^aบุษยามาส ชีวสกุลยง
245    ^aภาวะฉุกเฉินทางอายุรศาสตร์ เล่ม 2/^cบุษยามาส ชีวสกุลยง
250    ^aพิมพ์ครั้งที่ 1
260    ^aเชียงใหม่ :^bภาควิชาอายุรศาสตร์ คณะแพทยศาสตร์ ม.เชียงใหม่,^c2556
300    ^a247 หน้า
650    ^aภาวะฉุกเฉินทางอายุรศาสตร์
700    ^aชัยยุทธ เจริญธรรม
945    ^p350^l0^i23396
945    ^p350^l0^i23397
945    ^p350^l0^i23398
945    ^p350^l0^i23399
945    ^p350^l0^i23400
999    ^aทศพร เกษรทอง
รายการนี้ยังไม่มีแท็ก
คุณยังไม่ได้ล็อกอิน คุณสามารถมีกิจกรรมร่วมกับเว็บไซต์ได้ แต่ต้องล็อกอินก่อน ::
  ล็อกอิน

รายการสื่อสารสนเทศ

ลำดับที่ ประเภท เลขเรียก/บาร์โค้ด สถานที่ สถานะ
1. วิทยาศาสตร์การแพทย์ และสุขภาพ
วิทยาศาสตร์การแพทย์ และสุขภาพ
สถานะ=หนังสือเก่า
WB115 บ48ภ ล.2 ฉ.1 
  Barcode: 23396
ห้องสมุดวิทยาเขตนครสวรรค์
►ส่วนจัดเก็บหนังสือเก่า นว.
บนชั้น
  ขอยืม
2. วิทยาศาสตร์การแพทย์ และสุขภาพ
วิทยาศาสตร์การแพทย์ และสุขภาพ
สถานะ=หนังสือเก่า
WB115 บ48ภ ล.2 ฉ.2 
  Barcode: 23397
ห้องสมุดวิทยาเขตนครสวรรค์
►ส่วนจัดเก็บหนังสือเก่า นว.
บนชั้น
  ขอยืม
3. วิทยาศาสตร์การแพทย์ และสุขภาพ
วิทยาศาสตร์การแพทย์ และสุขภาพ
สถานะ=หนังสือเก่า
WB115 บ48ภ ล.2 ฉ.3 
  Barcode: 23398
ห้องสมุดวิทยาเขตนครสวรรค์
►ส่วนจัดเก็บหนังสือเก่า นว.
บนชั้น
  ขอยืม
4. วิทยาศาสตร์การแพทย์ และสุขภาพ
วิทยาศาสตร์การแพทย์ และสุขภาพ
สถานะ=หนังสือเก่า
WB115 บ48ภ ล.2 ฉ.4 
  Barcode: 23399
ห้องสมุดวิทยาเขตนครสวรรค์
►ส่วนจัดเก็บหนังสือเก่า นว.
บนชั้น
  ขอยืม
5. วิทยาศาสตร์การแพทย์ และสุขภาพ
วิทยาศาสตร์การแพทย์ และสุขภาพ
สถานะ=หนังสือเก่า
WB115 บ48ภ ล.2 ฉ.5 
  Barcode: 23400
ห้องสมุดวิทยาเขตนครสวรรค์
►ส่วนจัดเก็บหนังสือเก่า นว.
บนชั้น
  ขอยืม

รายการใกล้เคียง
    ผู้แต่ง [บุษยามาส ชีวสกุลยง]

    หัวเรื่อง [ภาวะฉุกเฉินทางอายุรศาสตร์]

BibComment


ยังไม่เคยถูกคอมเมนท์

คอมเมนท์ทรัพยากรรายการนี้
  คอมเมนท์: ภาวะฉุกเฉินทางอา..


 Copyright 2026. Bcnsprnw @Library